The Power of Your Subconscious Mind (Record no. 367954)

MARC details
000 -LEADER
fixed length control field 00491nam a2200181 4500
005 - DATE AND TIME OF LATEST TRANSACTION
control field 20251009115428.0
008 - FIXED-LENGTH DATA ELEMENTS--GENERAL INFORMATION
fixed length control field 251007b |||||||| |||| 00| 0 eng d
020 ## - INTERNATIONAL STANDARD BOOK NUMBER
International Standard Book Number 9788172345662
041 ## - LANGUAGE CODE
Language code of text/sound track or separate title English
082 ## - DEWEY DECIMAL CLASSIFICATION NUMBER
Classification number 158.1
Item number MUR
100 ## - MAIN ENTRY--PERSONAL NAME
Author Murphy Joseph
245 ## - TITLE STATEMENT
Title The Power of Your Subconscious Mind
Remainder of title :Unlock Your Master Key to Success
260 ## - PUBLICATION, DISTRIBUTION, ETC.
Name of publisher, distributor, etc. Fingerprint
Date of publication, distribution, etc. 2025
300 ## - PHYSICAL DESCRIPTION
Extent 256
365 ## - TRADE PRICE
Price amount 285.72
Currency code Rs.00
650 ## - SUBJECT ADDED ENTRY--TOPICAL TERM
Topical term or geographic name entry element Applied Psycology
942 ## - ADDED ENTRY ELEMENTS (KOHA)
Koha item type Books
Holdings
Withdrawn status Lost status Source of classification or shelving scheme Damaged status Not for loan Home library Current library Date acquired Vendor Net Price Bill number Total Checkouts Full call number Barcode Date last seen Actual Price Bill Date Koha item type Date last checked out
    Dewey Decimal Classification     School of Fashion Technology School of Fashion Technology 30/09/2025 Amazon.in 95.24 DED4-2618107   158.1 MUR SOFT-BK-4633 07/10/2025 199.00 25/09/2025 Books  
    Dewey Decimal Classification     School of Fashion Technology School of Fashion Technology 30/09/2025 Amazon.in 95.24 DED4-2618107   158.1 MUR SOFT-BK-4634 07/10/2025 199.00 25/09/2025 Books  
    Dewey Decimal Classification     School of Fashion Technology School of Fashion Technology 30/09/2025 Amazon.in 95.24 DED4-2618107 1 158.1 MUR SOFT-BK-4635 02/12/2025 199.00 25/09/2025 Books 25/11/2025